Costume as communication (Record no. 10271)

MARC details
000 -CABECERA
campo de control de longitud fija 01251nam a2200289 a 4500
001 - NÚMERO DE CONTROL
campo de control BRL_1461
005 - FECHA Y HORA DE LA ÚLTIMA TRANSACCIÓN
campo de control 20190320211223.0
008 - DATOS DE LONGITUD FIJA--INFORMACIÓN GENERAL
campo de control de longitud fija 160114s1986----u--abo####---#000-0#eng-#
020 ## - NÚMERO INTERNACIONAL ESTÁNDAR DEL LIBRO
Número Internacional Estándar del Libro 0912089040
041 ## - CÓDIGO DE LENGUA
Código de lengua del texto/banda sonora o título independiente eng
044 ## - CÓDIGO DEL PAÍS DE LA ENTIDAD EDITORA/PRODUCTORA
Código MARC del país u
050 #4 - SIGNATURA TOPOGRÁFICA DE LA BIBLIOTECA DEL CONGRESO
Número de clasificación F1219.3.C75
Número de documento/Ítem .C67 1986
245 10 - MENCIÓN DE TÍTULO
Título Costume as communication
Resto del título ethnographic costumes and textiles from Middle America and the Central Andes of South America in the collections of the Haffenreffer Museum of Anthropology, Brown University, Bristol, Rhode Island
Mención de responsabilidad, etc. by Margot Blum Schevill ; E.M. Franquemont, Andean consultant and essayist.
260 ## - PUBLICACIÓN, DISTRIBUCIÓN, ETC.
Lugar de publicación, distribución, etc. Seatle, WA
Nombre del editor, distribuidor, etc. The University of Washington
Fecha de publicación, distribución, etc. 1986
300 ## - DESCRIPCIÓN FÍSICA
Extensión vi, 138 p.
Otras características físicas il., mapas
Dimensiones 28 cm.
440 #0 - MENCIÓN DE SERIE/PUNTO DE ACCESO ADICIONAL--TÍTULO
Título Studies in anthropology and material culture
Designación de volumen o secuencia 4
9 (RLIN) 26994
500 ## - NOTA GENERAL
Nota general Au1619
504 ## - NOTA DE BIBLIOGRAFÍA, ETC.
Nota de bibliografía, etc. Bibliografía: p. 131-138
610 24 - PUNTO DE ACCESO ADICIONAL DE MATERIA--NOMBRE DE ENTIDAD CORPORATIVA
Nombre de entidad corporativa o nombre de jurisdicción como elemento de entrada Haffenreffer Museum of Anthropology
Subdivisión de forma Catálogos
9 (RLIN) 26995
650 14 - PUNTO DE ACCESO ADICIONAL DE MATERIA--TÉRMINO DE MATERIA
Término de materia o nombre geográfico como elemento de entrada Indígenas de México
Subdivisión de forma Catálogos
Subdivisión general Indumentaria
9 (RLIN) 26996
650 14 - PUNTO DE ACCESO ADICIONAL DE MATERIA--TÉRMINO DE MATERIA
Término de materia o nombre geográfico como elemento de entrada Indígenas de América Central
Subdivisión de forma Catálogos
Subdivisión general Indumentaria
9 (RLIN) 26997
650 14 - PUNTO DE ACCESO ADICIONAL DE MATERIA--TÉRMINO DE MATERIA
Término de materia o nombre geográfico como elemento de entrada Indígenas de América del Sur
Subdivisión de forma Catálogos
Subdivisión general Indumentaria
9 (RLIN) 26998
700 1# - PUNTO DE ACCESO ADICIONAL--NOMBRE DE PERSONA
Nombre de persona Schevill, Margot
9 (RLIN) 26999
700 1# - PUNTO DE ACCESO ADICIONAL--NOMBRE DE PERSONA
Nombre de persona Franquemont, E. M.
9 (RLIN) 27000
902 ## - CATALOGADOR
Iniciales GRL
942 ## - ELEMENTOS DE PUNTO DE ACCESO ADICIONAL (KOHA)
Fuente del sistema de clasificación o colocación Library of Congress Classification
Tipo de ítem Koha Libros
Holdings
Estado de retiro Estado de pérdida Estado dañado No para préstamo Localización permanente Ubicación/localización actual Fecha de adquisición Número de inventario Total de préstamos Signatura topográfica completa Código de barras Fecha visto por última vez Precio válido a partir de Tipo de ítem Koha
El ejemplar forma parte de la colección y puede ser consultado según las políticas vigentes.       Biblioteca Centro de Estudios Ruth D. Lechuga Biblioteca Centro de Estudios Ruth D. Lechuga 16/01/2014 Au1619   F1219.3.C75 .C67 1986 (Au1619) GRL01621 22/03/2019 22/03/2019 Libros